000 00610nam a22001817a 4500
005 20220630174744.0
008 220630b |||||||| |||| 00| 0 eng d
040 _cBiblioteca Lado V
082 _a741
_bAP655d
100 _aApuy, Otto
245 _aDibujos de Otto Apuy
260 _aSan José, Costa Rica
_bUniversidad de Costa Rica
_c1973
300 _a30 p.
_bil.
_c24 x 16 cm
490 _aSerie Literatura y Artes
_vNo. 12
505 _tGráfica Referencia
_rOtto Apuy
_tLa antisolemnidad de Otto Apuy
_rJosé Roberto Cea
650 _xarte costarricense
_xdibujo
_xdibujo costarricense
942 _2ddc
_c1
_n0
999 _c1915
_d1915